000
00339nam a2200157Ia 4500
003
Ost
005
20260225132541.0
008
260225s9999||||xx |||||||||||||| ||und||
040
_c
fsic
041
_a
fre
082
_a
641.5
100
_a
Kateb yacine
_e
Auteur
245
0
_a
Minuit passé /
245
0
_c
Kateb yacine
942
_c
كتاب
999
_c
33492
_d
33492